000
00291nam a22001337a 4500
008
170502b xxu||||| |||| 00| 0 eng d
020
_a
0306414163
041
_a
eng
080
_a
343
100
_a
14
101
_a
SHJ
245
_a
DEATH PENALTY
_c
HAAG, E & CONRAD, J.P
942
_2
udc
_c
BK
999
_c
12419
_d
12419